| 000 | 00602npc a2200205Ia 4500 | ||
|---|---|---|---|
| 001 | db5-941 [d000000866] | ||
| 003 | IT-MiCISF | ||
| 008 | 161014s9999||||xx | und|| | ||
| 040 |
_aIT-MiCISF _cIT-MiCISF |
||
| 041 | _ait | ||
| 100 | _aCasini Carlo | ||
| 245 | 0 | _aEutanasia: in Europa due posizioni a confronto | |
| 250 | _a1a ed. | ||
| 260 |
_a Firenze _bCentro documentazione e solidarietà _c1991 |
||
| 300 | _app. 16 | ||
| 500 | _a / bioetica, eutanasia, legislazione, diritto-alla-vita, malato-terminale, cura / | ||
| 650 | _abioetica | ||
| 942 | _cDD | ||
| 957 | _71 | ||
| 999 |
_a941 _bsi _g1 _c208385 _d208385 |
||